00416nam a22001457a 4500008004100000020001800041040005500059080002000114245003200134260003900166300001500205650001500220653001100235700002400246230612b |||||||| |||| 00| 0 eng d a0 540 05535 2 aNational Science LibrarycNational Science Library aR 912(100) bM7 aPhilips' great world atlas  bGeorge Philip and Son Ltd., c1987 axv, 144p.  aGeography  aAtlas  aWillett, B M (Ed.)